Studies in science education

Bibliographic Details
Format: Electronic Journal
Language:English
Published: Abingdon, U.K. : Routledge, Taylor and Francis
Subjects:
Online Access:Full text available from Research Library: 01/01/1997 to 09/30/2008

MARC

LEADER 00000nas a2200000 a 4500
001 ssj0015688
003 WaSeSS
005 20200512172242.0
006 m d
007 cr n
008 020117c19749999enkfx pss 0 a0eng
010 |a  2007216448 
015 |a GBB045200  |2 bnb 
016 7 |a 015328677  |2 Uk 
022 |a 1940-8412  |l 0305-7267  |y 0305-7267 
035 |a (WaSeSS)ssj0015688 
037 |b Routledge, Taylor and Francis, Sheepen Place, Chochester, Essex, CO3 3LP, U.K.  |c $190.00 
040 |a HNK  |b eng  |c HNK  |d OCLCQ  |d NSD  |d DLC  |d OCLCQ  |d UKMGB  |d OCLCQ  |d OCLCF  |d OCLCO  |d OCLCQ  |d OCLCO  |d NLE  |d DLC  |d OCLCA  |d AU@  |d UAB  |d U3W  |d VT2  |d WaSeSS 
042 |a pcc  |a nsdp 
050 0 0 |a Q181.A1 
082 1 0 |a 507  |2 14 
130 0 |a Studies in science education (Online) 
210 0 |a Stud. sci. educ.  |b (Online) 
222 0 |a Studies in science education  |b (Online) 
245 1 0 |a Studies in science education  |h [electronic resource]. 
260 |a Abingdon, U.K. :  |b Routledge, Taylor and Francis 
310 |a Twice a year,  |b 1998- 
321 |a Annual,  |b <1997> 
362 1 |a Began with vol. 1, issue 1 (1974). 
506 |a License restrictions may limit access. 
538 |a Mode of access: World Wide Web. 
588 |a Description based on: Vol. 30 (1997); title from title information screen (viewed Jan. 16, 2002). 
588 |a Latest issue consulted: Vol. 54, issue 1 (2018) (Taylor & Francis Online viewed Oct. 23, 2018). 
650 0 |a Science  |x Study and teaching  |v Periodicals. 
650 0 |a Mathematics  |x Study and teaching  |v Periodicals. 
650 7 |a Mathematics  |x Study and teaching.  |2 fast  |0 (OCoLC)fst01012236 
650 7 |a Science  |x Study and teaching.  |2 fast  |0 (OCoLC)fst01108387 
655 0 |a Electronic journals. 
776 1 |t Studies in science education  |x 0305-7267  |w (DLC)sn 84010531  |w (OCoLC)2256286 
850 |a DLC 
856 4 0 |z Full text available from Research Library: 01/01/1997 to 09/30/2008  |u https://search.proquest.com/publication/47277